Bankovní a finanční slovník

Na minha lista:
Detalhes bibliográficos
Outros Autores: Hudcová, Ludmila, Lucová, Marie
Formato: Livro
Idioma:tcheco
Publicado em: Praha Svoboda-Libertas 1993
Edição:1. vyd.
Assuntos:
Tags: Adicionar Tag
Sem tags, seja o primeiro a adicionar uma tag!

MARC

LEADER 00000nam a2200000 4500
001 c004704
005 20251029114907.6
020 |a 80-205-0357-9 
041 0 |a cze 
044 |a CZ 
245 1 0 |a Bankovní a finanční slovník  |c Red. Ludmila Hudcová, Marie Lucová 
250 |a 1. vyd. 
264 1 |a Praha  |b Svoboda-Libertas  |c 1993 
300 |a 157 s. 
610 2 0 |a bankovníctvo 
610 2 0 |a financie 
700 1 |a Hudcová, Ludmila 
700 1 |a Lucová, Marie